Countries Narendra Modi has visited - Statistics

General Stats
  • This quiz has been taken 172 times
    19 since last reset
  • The average score is 56 of 74
Answer Stats
Continent Country % Correct
North America United States of America
100%
Oceania Australia
91%
Asia China
91%
Oceania Fiji
91%
Europe France
91%
Europe Germany
91%
Europe Ireland
91%
Asia Japan
91%
Asia Pakistan
91%
Asia/ Europe Russia
91%
Asia Sri Lanka
91%
Europe Sweden
91%
Europe United Kingdom
91%
South America Argentina
82%
Asia Bangladesh
82%
Europe Belgium
82%
Asia Bhutan
82%
South America Brazil
82%
North America Canada
82%
Africa Egypt
82%
Asia Indonesia
82%
Asia Iran
82%
Europe Italy
82%
Asia Laos
82%
Asia Malaysia
82%
Asia Nepal
82%
Asia Singapore
82%
Africa South Africa
82%
Europe Spain
82%
Europe Switzerland
82%
Asia the Maldives
82%
Asia/ Europe Turkey
82%
Europe Vatican City
82%
Asia Vietnam
82%
Asia Afghanistan
73%
Asia Bahrain
73%
Asia Brunei
73%
Europe Denmark
73%
Europe Greece
73%
Asia Israel
73%
Asia Jordan
73%
Africa Kenya
73%
Asia Kyrgyzstan
73%
North America Mexico
73%
Asia Oman
73%
Europe Portugal
73%
Asia Qatar
73%
Asia Saudi Arabia
73%
Africa Seychelles
73%
Asia South Korea
73%
Asia Tajikistan
73%
Asia Thailand
73%
Europe the Netherlands
73%
Asia Turkmenistan
73%
Europe Ukraine
73%
Asia United Arab Emirates
73%
Europe Croatia
64%
Africa Ghana
64%
South America Guyana
64%
Asia Kazakhstan
64%
Africa Mauritius
64%
Asia Mongolia
64%
Asia Myanmar
64%
Africa Nigeria
64%
Oceania Papua New Guinea
64%
Africa Tanzania
64%
Asia the Philippines
64%
North America Trinidad and Tobago
64%
Asia Uzbekistan
64%
Africa Ethiopia
55%
Africa Mozambique
55%
Africa Rwanda
55%
Africa Namibia
45%
Africa Uganda
45%
No matching quizzes found
Score Distribution
Percent of People with Each Score
Percentile by Number Answered
Your Score History
You have not taken this quiz since the last reset